| 000 | 00604nam a2200181Ia 4500 | ||
|---|---|---|---|
| 005 | 20250508150501.0 | ||
| 008 | 008 250505s9999 xx 000 0 eng d | ||
| 037 | _aTextual | ||
| 040 |
_aFEDL _beng _cFEDL |
||
| 041 |
_aeng _2eng |
||
| 084 |
_a824, SCO _qFEDL |
||
| 100 | _aScott A F | ||
| 245 | 0 | _aMeaning and style: A selection of extracts from writers of the fourteenth century to the present day for the study of English prose in upper forms | |
| 260 |
_aLondon, UK _bMacmillan and Co Limited _c1946 |
||
| 300 | _axiii,178p | ||
| 942 |
_cTEXL _h824, SCO |
||
| 999 |
_c1323855 _d1323855 |
||